000 00511nam a2200181Ia 4500
003 GCL
008 140319s9999 xx 000 0 eng d
040 _aGCL /
_cGCL
082 0 4 _a652.5416
_bS M
100 1 _aSIMPSON, ALAN
245 1 0 _aMASTERING WORDPERFECT 6 FOR DOS /
_cSIMPSON, ALAN
260 _a[S.N] :
_bSYBEX ،
_c1993
300 _a1254 PP
650 0 4 _aCOMPUTER PROGRM
650 0 4 _aDOS DEVICE DRIVERS (COMPUTER PROGRAM )
650 0 4 _aPOTECT SOFTWARE (COMPUTER PROGRAME )
942 _2ddc
_cBK
999 _c15715
_d15715